| 000 | 01378nam0a2200337 4500 | ||
|---|---|---|---|
| 001 | RU\NLR\bibl\475267 | ||
| 005 | 20260405204022.0 | ||
| 010 |
_a5-7692-0599-7 _9500 |
||
| 021 |
_aRU _b2003-59060 _92887 |
||
| 035 | _a(NLR Aleph) 000468301 | ||
| 090 |
_a977422 _c977422 |
||
| 100 | _a20031223d2003 |||y0rusy50 ca | ||
| 101 | 0 | _arus | |
| 102 | _aRU | ||
| 105 | _aa ||||||||| | ||
| 200 | 1 |
_aСтихи. Не формулы _fСергей Гольдин _g[Авт. предисл.: Г.М. Прашкевич _gИл.: С.В. Гольдин |
|
| 205 | _a2-е изд., перераб. и доп.] | ||
| 210 |
_aНовосибирск _cГео. Фил. _d2003 |
||
| 215 |
_a[1], 249, [8] с. _cил., цв. ил., портр. _d17 |
||
| 327 | 1 | _aСодерж.: Разделы: Стало привычным делом из слов собирать стихи; Из ранних стихов | |
| 517 | 0 | _aНе формулы | |
| 686 | _aШ6(2=Р)75-5 | ||
| 700 | 1 |
_4070 _8rus _7ca _aГольдин _bС. В. _cд-р физ.-мат. наук, поэт _f1936-2007 _gСергей Васильевич _3RU\NLR\auth\7791321 _974248 |
|
| 801 | 0 |
_aRU _bNLR _c20031223 _gPSBO |
|
| 801 | 1 |
_aRU _bNLR _c20031223 |
|
| 830 | _aАвт. по кн. | ||
| 942 | _cBOOK | ||
| 980 | _aNB | ||